Global Mobile Satellite Communications Applications For Maritime, Land and Aeronautical Applications Volume 2 /

This book discusses global mobile satellite communications (GMSC) for maritime, land (road and rail), and aeronautical applications. It covers how these enable connections between moving objects such as ships, road and rail vehicles and aircrafts on one hand, and ground telecommunications subscriber...

Πλήρης περιγραφή

Λεπτομέρειες βιβλιογραφικής εγγραφής
Κύριος συγγραφέας: Ilcev, Stojce Dimov (Συγγραφέας, http://id.loc.gov/vocabulary/relators/aut)
Συγγραφή απο Οργανισμό/Αρχή: SpringerLink (Online service)
Μορφή: Ηλεκτρονική πηγή Ηλ. βιβλίο
Γλώσσα:English
Έκδοση: Cham : Springer International Publishing : Imprint: Springer, 2018.
Έκδοση:2nd ed. 2018.
Θέματα:
Διαθέσιμο Online:Full Text via HEAL-Link
LEADER 04186nam a2200565 4500
001 978-3-319-71858-3
003 DE-He213
005 20191025132144.0
007 cr nn 008mamaa
008 171111s2018 gw | s |||| 0|eng d
020 |a 9783319718583  |9 978-3-319-71858-3 
024 7 |a 10.1007/978-3-319-71858-3  |2 doi 
040 |d GrThAP 
050 4 |a TK1-9971 
072 7 |a TJK  |2 bicssc 
072 7 |a TEC041000  |2 bisacsh 
072 7 |a TJK  |2 thema 
082 0 4 |a 621.382  |2 23 
100 1 |a Ilcev, Stojce Dimov.  |e author.  |4 aut  |4 http://id.loc.gov/vocabulary/relators/aut 
245 1 0 |a Global Mobile Satellite Communications Applications  |h [electronic resource] :  |b For Maritime, Land and Aeronautical Applications Volume 2 /  |c by Stojce Dimov Ilcev. 
250 |a 2nd ed. 2018. 
264 1 |a Cham :  |b Springer International Publishing :  |b Imprint: Springer,  |c 2018. 
300 |a XLIII, 652 p. 396 illus., 361 illus. in color.  |b online resource. 
336 |a text  |b txt  |2 rdacontent 
337 |a computer  |b c  |2 rdamedia 
338 |a online resource  |b cr  |2 rdacarrier 
347 |a text file  |b PDF  |2 rda 
505 0 |a Inmarsat GEO GMSC System -- Non-GEO GMSC Systems -- Global Broadcasting Satellite System -- Cospas-Srasat LEO and GEO GMSC System -- Global Mobile Satellite Distress Systems (GMSDS) -- Global Satellite Augmentation Systems -- Stratospheric Platform Systems. 
520 |a This book discusses global mobile satellite communications (GMSC) for maritime, land (road and rail), and aeronautical applications. It covers how these enable connections between moving objects such as ships, road and rail vehicles and aircrafts on one hand, and ground telecommunications subscribers through the medium of communications satellites, ground earth stations, Terrestrial Telecommunication Networks (TTN), Internet Service Providers (ISP) and other wireless and landline telecommunications providers. The new edition covers new developments and initiatives that have resulted in land and aeronautical applications and the introduction of new satellite constellations in non-geostationary orbits and projects of new hybrid satellite constellations. The book presents current GMSC trends, mobile system concepts and network architecture using a simple mode of style with understandable technical information, characteristics, graphics, illustrations and mathematics equations. It represents telecommunications technique and technology, which can be useful for all technical staff on vessels at sea and rivers, on all types of land vehicles, on planes, on off shore constructions and for everyone possessing satellite communications handset phones. The first edition of Global Mobile Satellite Communications (Springer, 2005) was split into two books for the second edition - one on applications and one on theory. This book presents global mobile satellite communications applications. 
650 0 |a Electrical engineering. 
650 0 |a Electronics. 
650 0 |a Microelectronics. 
650 0 |a Transportation engineering. 
650 0 |a Traffic engineering. 
650 0 |a Computer communication systems. 
650 0 |a Law of the sea. 
650 0 |a International law. 
650 1 4 |a Communications Engineering, Networks.  |0 http://scigraph.springernature.com/things/product-market-codes/T24035 
650 2 4 |a Electronics and Microelectronics, Instrumentation.  |0 http://scigraph.springernature.com/things/product-market-codes/T24027 
650 2 4 |a Transportation Technology and Traffic Engineering.  |0 http://scigraph.springernature.com/things/product-market-codes/T23120 
650 2 4 |a Computer Communication Networks.  |0 http://scigraph.springernature.com/things/product-market-codes/I13022 
650 2 4 |a Law of the Sea, Air and Outer Space.  |0 http://scigraph.springernature.com/things/product-market-codes/R19060 
710 2 |a SpringerLink (Online service) 
773 0 |t Springer eBooks 
776 0 8 |i Printed edition:  |z 9783319718576 
776 0 8 |i Printed edition:  |z 9783319718590 
776 0 8 |i Printed edition:  |z 9783319891118 
856 4 0 |u https://doi.org/10.1007/978-3-319-71858-3  |z Full Text via HEAL-Link 
912 |a ZDB-2-ENG 
950 |a Engineering (Springer-11647)